Dans quel sons Jul a dit... ? - Statistiques

Statistiques générales
  • Ce quiz a été pris 1 663 fois
  • Le résultat moyen est 5 sur 20
Statistiques - réponses
Phrase Musique % Correct
Rafale, flow bazookaw, j'ai des potes qui s'déplacent au cas où. Bande organisée
54%
T'es costaud mais à quoi ça te sert? Y'a les petits du tieks qui branchent ta sœur. En Y
52%
Dans son dos tu fais le rebel, et quand tu la vois tu baisses la tête. Tu la love
52%
J'ai fini dans des embrouilles, histoire de fou ça frappait comme dans Tekken. J'oublie tout
46%
Y'a eu des descentes de flics, y'a eu les voisins qui flippent, la jalousie des autres types parc'que les petits faisaient du fric Avant la douane
42%
J'ai le blues de toi, j'suis perdu quand t'es pas là, viens avec moi ce soir, je recoudrai tes balafres. Lova
41%
Tu me racontes tes 'blèmes, j'ai d'autres soucis. JCVD
40%
Y'en a qui bronzent au soleil, mon petit, y'en a qui vont au charbon toute l'année. Dans l'appart
28%
Y avait pas autant d'sous, moins d'soucis y avait Sousou
22%
Dans l'son, j'arrive comme Omar dans The Wire, on veut la Champion's League comme l'OM et le Bayern. Sapapaya
20%
Tu fais le mec de la street mais elle t'appelle "mon petit canard". Je ne me vois pas briller
17%
Tu fais l'voyou mais t'es qu'un bandeur d'hommes, pas grave, on récolte c'que l'on sème. Jack Miel
14%
J'suis cramé j'mets l'pare-soleil, j'vais faire un son, j'ai pas sommeil, j'compte plus le sh*t qu'j'ai consommé. Professor
13%
Tu te rappelles, c'est Jul celui qu'avait pas one, celui que tu calculais pas avant qu'il soit Liga-one. J’m’évade
11%
Tu vas faire un tête, pourquoi tu mets ton pare-balle? Les p'tits s'en foutent de l'école, ils mettent du shit dans l'cartable. Sort le cross volé
10%
J'appelle le poto sur Snapchat, tu m'fais un freestyle il est en maison d'arrêt. En douceur
8%
Honda, ADV, j'cabre au tiek j'passe pas à la TV. Je lève la moto
7%
Obligé d'rêver pour voir le sourire d'mon frère, au réveil j'suis peiné, j'sais plus comment faire. Mon rêve
6%
On a la tchatche, dans l'13 on t'insulte comme Al Pac'. Carré d'as
4%
Au tiek, c'est GTA ; y a 5 étoiles ; il serait temps de mettre les voiles. Ailleurs
3%
Aucun quiz correspondant
Distribution des résultats
% des personnes avec chaque résultat
Percentile par nombre de réponses
Votre historique - résultats
Vous n’avez pas pris ce quiz